Detection of Rifampicin Resistance in Musculoskeletal Tuberculosis Using Cartridge Based Nucleic Acid Amplification Test. (Record no. 1851747)

MARC details
000 -LEADER
fixed length control field 00954nam a2200361Ia 4500
005 - DATE AND TIME OF LATEST TRANSACTION
control field 20260514124351.0
008 - FIXED-LENGTH DATA ELEMENTS--GENERAL INFORMATION
fixed length control field 008 261405s9999 xx 000 0 eng d
037 ## -
-- Thesis
040 ## - CATALOGING SOURCE
-- CRL
040 ## - CATALOGING SOURCE
Language of cataloging eng
040 ## - CATALOGING SOURCE
Transcribing agency CRL
041 ## - LANGUAGE CODE
Language code of text eng
084 ## - COLON CLASSIFICATION NUMBER
-- CRL
100 ## - MAIN ENTRY--PERSONAL NAME
Student/researcher name Dr.Hari Kishan
245 #0 - TITLE STATEMENT
Title Detection of Rifampicin Resistance in Musculoskeletal Tuberculosis Using Cartridge Based Nucleic Acid Amplification Test.
260 ## - PUBLICATION, DISTRIBUTION, ETC.
Place of publication, distribution, etc. Delhi
260 ## - PUBLICATION, DISTRIBUTION, ETC.
Name of publisher, distributor, etc. University of Delhi
260 ## - PUBLICATION, DISTRIBUTION, ETC.
Date of publication, distribution, etc. 2016
300 ## - PHYSICAL DESCRIPTION
Extent 79p.
502 ## - Thesis Note
Degree type Ph.D.
502 ## - Thesis Note
Name of granting institution University of Delhi
502 ## - Thesis Note
Year degree granted 2016
650 ## - SUBJECT ADDED ENTRY--TOPICAL TERM
LCSH or local subjects Orthopaedics
700 ## - ADDED ENTRY--PERSONAL NAME
Supervisor / Guide name Dr.Anil Dhal,
700 ## - ADDED ENTRY--PERSONAL NAME
Supervisor / Guide name Dr.Ashwini Khana
700 ## - ADDED ENTRY--PERSONAL NAME
Supervisor / Guide name Dr.Sumit Sural,
700 ## - ADDED ENTRY--PERSONAL NAME
Supervisor / Guide name Dr.Veena Chowdhury
942 ## - ADDED ENTRY ELEMENTS (KOHA)
Koha item type Thesis
100 ## - MAIN ENTRY--PERSONAL NAME
-- 1239624
541 ## - IMMEDIATE SOURCE OF ACQUISITION NOTE
-- Thesis
650 ## - SUBJECT ADDED ENTRY--TOPICAL TERM
-- 1239614
700 ## - ADDED ENTRY--PERSONAL NAME
-- 1239625
700 ## - ADDED ENTRY--PERSONAL NAME
-- 1239626
700 ## - ADDED ENTRY--PERSONAL NAME
-- 1239627
700 ## - ADDED ENTRY--PERSONAL NAME
-- 1239452
999 ## -
-- 1851747
-- 1851747
Holdings
Withdrawn status Lost status Not for loan Home library Current library Date acquired Accession Number Koha item type
      Central Library Central Library 2026-05-14 TH0028019 Thesis
Copyright @ Delhi University Library System